Reštaurátorská tvorba 1995-2000 Oblastného ateliéru v Levoči

Bibliographic Details
Main Author: Brázdilová, Magdaléna (Author)
Corporate Author: Oblastné reštaurátorské ateliéry, Levoča (Author)
Format: Article
Language:Slovak
Subjects:

MARC

LEADER 00000nab a2200000 a 4500
001 vtls001017500
003 SK-MaSNL
005 20260305002446.0
008 140429e20020000xo 0 slo
035 |a SN3450 
040 |a SNSK  |b slo  |c SNSK  |e AACR2 
041 0 |a slo 
044 |a xo  |c SK 
080 |a 719.025.4  |2 1981 
100 1 |a Brázdilová, Magdaléna  |4 aut  |9 265948 
245 1 0 |a Reštaurátorská tvorba 1995-2000 Oblastného ateliéru v Levoči 
610 2 7 |a Oblastné reštaurátorske ateliéry (Levoča, Slovensko)  |2 SNSK  |9 1021801 
650 0 7 |a reštaurátorstvo  |2 SNSK  |9 18959 
650 0 7 |a aktivity odborné  |2 SNSK  |9 879101 
650 0 7 |a štúdie  |2 SNSK  |9 92810 
651 7 |a Levoča (Slovensko)  |2 SNSK  |9 26696 
651 7 |a Spišská Nová Ves (Slovensko)  |2 SNSK  |9 28800 
710 2 |a Oblastné reštaurátorské ateliéry, Levoča  |4 aut  |9 1021802 
773 0 8 |t Pamiatky múzeá, č.1 (2002), s. 57-59 
852 |a ZVYKNI  |b KIS3GCP 
999 |c 3225614  |d 3227544